<The> Conservative Mind From Burke to Eliot

Na minha lista:
Detalhes bibliográficos
Autor principal: Kirk, Russell
Formato: Livro
Idioma:inglês
Publicado em: Chicago Regnery Books 1987
Edição:7. rev. ed.
Assuntos:
Tags: Adicionar Tag
Sem tags, seja o primeiro a adicionar uma tag!

MARC

LEADER 00000nam a2200000 4500
001 c004049
005 20221219121024.9
020 |a 0-89526-670-9 
041 0 |a eng 
044 |a US 
245 1 0 |a <The> Conservative Mind  |b From Burke to Eliot  |c Russell Kirk 
250 |a 7. rev. ed. 
264 1 |a Chicago  |b Regnery Books  |c 1987 
300 |a 535 s. 
610 2 0 |a Burke 
610 2 0 |a Eliot 
610 2 0 |a história 
610 2 0 |a sloboda 
610 2 0 |a zákony 
610 2 0 |a smery filozofické 
610 2 0 |a filozofia 
610 2 0 |a konzervativizmus 
100 1 |a Kirk, Russell